Exploring Grammar in Context upper-Intermediate and advanced

Gorde:
Xehetasun bibliografikoak
Egile Nagusiak: Carter, Ronald (Egilea), Hughes, Rebecca (Egilea), McCarthy, Michael (Egilea)
Formatua: Ezezaguna
Hizkuntza:ingelesa
Argitaratua: Cambridge, United Kingdom: Cambridge University Press, 2000
Gaiak:
Etiketak: Etiketa erantsi
Etiketarik gabe, Izan zaitez lehena erregistro honi etiketa jartzen!

MARC

LEADER 00000 a2200000 4500
003 CL-VaPUC
005 20250312142218.0
008 220119b ||||| |||| 00| 0 eng d
999 |c 434414  |d 434412 
020 |a  978-3125337428 
040 |c Pontificia Universidad Católica de Valparaíso 
082 7 |a 428.24 CAR 2000  |2 22 
100 |a Carter, Ronald  |9 413783  |e author 
245 |a Exploring Grammar in Context upper-Intermediate and advanced 
260 |a Cambridge, United Kingdom:  |b Cambridge University Press,  |c 2000 
300 |a 286 páginas  
583 |k Cristina María Rojas Aguilar  |c 20220119 
650 0 |a Lengua inglesa  |x Gramática  |9 318842 
650 0 |a Lengua inglesa  |9 453712  |x Análisis del discurso 
700 |a Hughes, Rebecca  |e author  |9 865910 
700 |a McCarthy, Michael  |9 865500  |e author 
942 |2 ddc  |c BK 
952 |0 0  |1 0  |2 ddc  |4 0  |6 428_240000000000000_CAR_2000  |7 0  |8 A  |9 580699  |a BIBEDU  |b BIBEDU  |c GEN  |d 2022-01-19  |e 1  |g 30157.00  |i 5639166  |o 428.24 CAR 2000  |p 5639166  |r 2022-01-19  |t 1  |v 30157.00  |w 2022-01-19  |y BK  |k LIT